1838 1053 1954 1408 1726 1857 1509 1422 1541 1609 1601 1304 1895 1617 1401 1821 1419 1853 1424 1345 1425 1965 2000 1012 1973 1316 1526 1156 1801 1592 1926 1440 1286 1718 1555 1860 1265 1914 1211 1805 1549 1757 1743 1497 1687 1744 1500 1958 1477 1496 1739 1011 1180 1267 1853 1576 1194 1477 1246 1480 1061 1546 1408 1347 1179 1918 1200 1921 1855 1773 1261 1108 1681 1392 1559 1862 1095 1182 1912 1388 1373 1009 1234 1954 1119 1796 1074 1836 1490 1684 1099 1670 1953 1698 1382 1957 1391 1328 1897 BCNSPRNW ULIB Ver.6.0+V

เปลี่ยนเป็นภาษาไทย

Change to English
 แสดงรายละเอียดบรรณานุกรม
  กลับหน้าหลัก

Brief Record : Get Marc (ISO 2709) : E-mail record : QR code < ปิดหน้าต่าง
LEADER : 00000nam 2200000uu 4500
001    13399124217
003     ULIB
008    020711s2546 th a 000 0 tha d
099    วจ.WY18^bร691ก
100    รุ่งนภา จู่ทิ่น
245    การติดตามผลการจัดการเรียนการสอนที่เน้นผู้เรียนเป็นสำคัญ วิชาแนวคิดพื้นฐานและหลักการพยาบาล วิทยาลัยพยาบาลบรมราชชนนี สุราษฎร์ธานี/^cรุ่งนภา จู่ทิ่น,เพ็ญศรี ทองเพชร,วรรณดี เสือมาก,วีรวรรณ เกิดทอง,กรองทอง ออมสิน,ธนพร บุญมุสิก
260    สุราษฎร์ธานี^bวิทยาลัยพยาบาลบรมราชชนนี สุราษฎร์ธานี,^c2546
300    76 หน้า
700    เพ็ญศรี ทองเพชร
700 0  วรรณดี เสือมาก
700 0  วีรวรรณ เกิดทอง
700 0  กรองทอง ออมสิน
700 0  ธนพร บุญมุสิก
945    ^p0^l0^i22808
999    ^aทศพร เกษรทอง
รายการนี้ยังไม่มีแท็ก
คุณยังไม่ได้ล็อกอิน คุณสามารถมีกิจกรรมร่วมกับเว็บไซต์ได้ แต่ต้องล็อกอินก่อน ::
  ล็อกอิน

รายการสื่อสารสนเทศ

ลำดับที่ ประเภท เลขเรียก/บาร์โค้ด สถานที่ สถานะ
1. งานวิจัย
งานวิจัย
วจ.WY18 ร691ก ฉ.1 
  Barcode: 22808
ห้องสมุดวิทยาเขตนครสวรรค์
►วิจัย:l:Research Room
บนชั้น

BibComment


ยังไม่เคยถูกคอมเมนท์

คอมเมนท์ทรัพยากรรายการนี้
  คอมเมนท์: การติดตามผลการจัด..


 Copyright 2026. Bcnsprnw @Library